000 00404nam a2200145 4500
001 1483
005 20181127163400.0
008 910523s1988 enk d 000 0 eng
020 _a8182693578
100 1 _aAhuja, S.K.
245 1 0 _aBig book of idioms /
_cS.K. Ahuja.
260 _aDelhi :
_bBlack Rose Publications,
_c2010.
300 _a576 p. ;
_c21 cm.
650 0 _aEnglish language
_xIdioms
_xDictionaries.
999 _c1105
_d1105